| 000 | 00424nam a22001697a 4500 | ||
|---|---|---|---|
| 003 | MPLRDC | ||
| 005 | 20220104142732.0 | ||
| 008 | 210129b ||||| |||| 00| 0 eng d | ||
| 082 | _a945.32 WDR | ||
| 100 | _a黄伯伟编 | ||
| 245 |
_a一念三千.吴大仁书画作品集 _c |
||
| 250 | _a初版 | ||
| 260 |
_a _b法露缘出版社 _c2002 |
||
| 300 | _b平 | ||
| 650 | _a中国画册--题识 | ||
| 942 |
_cBK _o945.32 WDR |
||
| 999 |
_c33292 _d33282 |
||